Actors That Have Worked with Leonardo DiCaprio - Statistics

General Stats
  • This quiz has been taken 89 times
    76 since last reset
  • The average score is 24 of 68
Answer Stats
Movies Actor % Correct
Once Upon a Time in Hollywood, The Audition Brad Pitt
100%
Revolutionary Road, Titanic Kate Winslet
96%
Catch Me If You Can Tom Hanks
93%
Once Upon a Time in Hollywood, The Wolf of Wall Street Margot Robbie
87%
Django Unchained Jamie Foxx
80%
The Departed Matt Damon
73%
The Aviator, Don't Look Up Cate Blanchett
71%
What's Eating Gilbert Grape Johnny Depp
71%
Django Unchained Christoph Waltz
67%
Django Unchained Samuel L. Jackson
67%
The Great Gatsby Tobey Maguire
65%
Shutter Island Mark Ruffalo
64%
Gangs of New York Cameron Diaz
62%
The Departed Jack Nicholson
60%
Inception Joseph Gordon-Levitt
60%
The Basketball Diaries, The Departed Mark Wahlberg
60%
Marvin's Room, Don't Look Up Meryl Streep
60%
Inception, The Revenant Tom Hardy
60%
Inception Ellen Page
58%
Once Upon a Time in Hollywood Al Pacino
55%
Don't Look Up Jennifer Lawrence
55%
Marvin's Room, The Audition, This Boy's Life Robert De Niro
49%
Shutter Island Ben Kingsley
45%
Inception Cillian Murphy
45%
Django Unchained Kerry Washington
45%
The Aviator Jude Law
44%
Catch Me If You Can Christopher Walken
42%
The Departed Martin Sheen
38%
The Wolf of Wall Street Matthew McConaughey
33%
Inception Michael Caine
33%
Body of Lies, The Quick and the Dead Russell Crowe
33%
The Aviator, The Departed Alec Baldwin
31%
Once Upon a Time in Hollywood Quentin Tarantino
29%
Inception Marion Cotillard
27%
Catch Me If You Can Amy Adams
25%
The Man in the Iron Mask John Malkovich
25%
Once Upon a Time in Hollywood Kurt Russell
25%
Gangs of New York Liam Neeson
25%
The Man in the Iron Mask Jeremy Irons
24%
Marvin's Room Diane Keaton
22%
The Beach Tilda Swinton
22%
Titanic Bill Paxton
20%
Django Unchained, Once Upon a Time in Hollywood Bruce Dern
20%
The Quick and the Dead Gene Hackman
20%
Once Upon a Time in Hollywood Margaret Qualley
20%
Don't Look Up Timothee Chalamet
20%
Once Upon a Time in Hollywood Dakota Fanning
18%
Don't Look Up Ariana Grande
15%
The Great Gatsby Joel Edgerton
13%
The Wolf of Wall Street Jon Bernthal
13%
Shutter Island Max von Sydow
11%
Once Upon a Time in Hollywood Michael Madsen
11%
Once Upon a Time in Hollywood Luke Perry
9%
The Audition Martin Scorsese
9%
Romeo and Juliet Paul Rudd
9%
Celebrity Charlize Theron
7%
Don't Look Up Tyler Perry
7%
Celebrity Winona Ryder
7%
The Great Gatsby Isla Fisher
4%
The Wolf of Wall Street Jon Favreau
4%
Don't Look Up Kid Cudi
4%
Celebrity Sam Rockwell
4%
Django Unchained Walton Goggins
4%
The Aviator Willem Dafoe
4%
Don't Look Up Chris Evans
2%
The Aviator Gwen Stefani
2%
Shutter Island John Carroll Lynch
2%
Don't Look Up Ron Perlman
2%
No matching quizzes found
Score Distribution
Percent of People with Each Score
Percentile by Number Answered
Your Score History
You have not taken this quiz since the last reset